Studies in diplomatic history, (Record no. 551997)
[ view plain ]
| 000 -LEADER | |
|---|---|
| fixed length control field | 01343cam a22002051 4500 |
| 082 ## - DEWEY DECIMAL CLASSIFICATION NUMBER | |
| Classification number | 327.0941 |
| Author Mark | HEA |
| 100 1# - MAIN ENTRY--PERSONAL NAME | |
| Personal name | Headlam, James Wycliffe, |
| 9 (RLIN) | 49177 |
| 245 10 - TITLE STATEMENT | |
| Title | Studies in diplomatic history, |
| Statement of responsibility, etc. | by Sir James Headlam-Morley ... |
| 260 ## - PUBLICATION, DISTRIBUTION, ETC. | |
| Place of publication, distribution, etc. | London, |
| Name of publisher, distributor, etc. | Methuen & Co. Ltd. |
| Date of publication, distribution, etc. | [1930] |
| 300 ## - PHYSICAL DESCRIPTION | |
| Extent | vii, 312 p. |
| Dimensions | 23 cm. |
| 500 ## - GENERAL NOTE | |
| General note | "This book of essays is with one exception a collection of memoranda written by Sir James Headlam-Morley during the ten years in which he was Historical adviser to the Foreign office." |
| 500 ## - GENERAL NOTE | |
| General note | Preface signed: Kenneth Headlam-Morley, Agnes Headlam-Morley. |
| 505 0# - FORMATTED CONTENTS NOTE | |
| Formatted contents note | Introduction.--The British government and arbitration.--British policy towards Egypt.--Treaties of guarantee.--The guarantee to Greece by the three protecting powers.--The problem of security: (I) The guarantee treaties 1814/5-1919. A comparison. (II) England and the Low Countries. (III) British policy and the Geneva protocol for the pacific settlement of international disputes.--The acquisition of Cyprus in 1878.--The Black Sea, the Bosphorus and the Dardanelles.--Proposals for the reduction of armaments. |
| 526 ## - STUDY PROGRAM INFORMATION NOTE | |
| Program name | 0 |
| Interest level | 0 |
| Reading level | 0 |
| Title point value | 327_094100000000000_HEA |
| 650 #0 - SUBJECT ADDED ENTRY--TOPICAL TERM | |
| Topical term or geographic name entry element | MCE |
| 9 (RLIN) | 379 |
| 650 #0 - SUBJECT ADDED ENTRY--TOPICAL TERM | |
| Topical term or geographic name entry element | Security, International. |
| 700 1# - ADDED ENTRY--PERSONAL NAME | |
| Personal name | Headlam-Morley, Agnes, |
| 9 (RLIN) | 49178 |
| 700 1# - ADDED ENTRY--PERSONAL NAME | |
| Personal name | Headlam-Morley, Kenneth, |
| 9 (RLIN) | 49179 |
| 942 ## - ADDED ENTRY ELEMENTS (KOHA) | |
| Source of classification or shelving scheme | |
| Koha item type | Book |
| Withdrawn status | Lost status | Source of classification or shelving scheme | Damaged status | Not for loan | Permanent Location | Current Location | Date acquired | Total Checkouts | Full call number | Barcode | Date last seen | Price effective from | Koha item type |
|---|---|---|---|---|---|---|---|---|---|---|---|---|---|
| Military College of Engineering (MCE) | Military College of Engineering (MCE) | 01/05/2015 | 327.0941 HEA | MCE-ECS.7 | 01/05/2015 | 01/05/2015 | Book |
